LEADER 01231nam a2200265 a 4500 001 000000120628 003 CaOOAMICUS 005 20100310094858.0 008 100310s2009 cau u000 u eng r 020 $a978-1-84645-010-5 040 $aPUL$bita$dReb 245 00$aCompeting voices from the Pacific War :$bfighting words /$cedited by Chris Dixon, Sean Brawley and Beatrice Trefalt. 260 $aSanta Barbara (CA) :$bGreenwood Press,$c2009. 300 $axxv, 325 p.. ;$c24 cm 650 4$aGuerra mondiale, 1939-1945.$0(OLS)http://pul/subject/2927 700 1 $aBrawley, Sean.$0(OLS)http://pul/name/75448 700 1 $aTrefalt, Beatrice.$0(OLS)http://pul/name/75450 700 1 $aDixon, Chris.$0(OLS)http://pul/name/75449 850 $aPUL 852 $aPUL$W1$xSL Cons. Gen., Altre Classi 3$y75$m940. 5 BRASE 1$j138253$qDDC 21$B137481$CPULBib$Z2$F137481 $H112817 $82 941 1 $a9 960 $aSeconda guerra mondiale, 1939-1945$92927 996 $6020$a978-1-84645-010-5$9(OLS)http://pul/number/143543 996 $6245$aCompeting voices from the Pacific War :$bfighting words$9(OLS)http://pul/title/151687 996 $6260$aSanta Barbara (CA) :$bGreenwood Press$9(OLS)http://pul/publisher/81212 LEADER 01723nam a2200349 u 4500 001 000000080249 003 CaOOAMICUS 005 20070226123627.0 008 040706s2004 it u000 u ita u 020 $a8834310527 035 $a11003239 040 $aISV$bita 245 03$aLe carte e gli uomini :$bstoria della cultura e delle istituzioni (secoli XVIII-XX) : studi in onore di Nicola Raponi. 260 $aMilano :$bVita e pensiero università,$cc2004. 300 $axxxix, 246 p. ;$c22 cm 490 1 $aStoria.$aRicerche 500 $a"Bibliografia di Nicola Raponi": p. [xv]-xxxi. 504 $aIncludes bibliographical references and index. 600 10$aRaponi, Nicola,$d1931-$2//eng$0(OLS)http://pul/subject/27833 650 0$aSocial history$y20th century.$2//eng$0(OLS)http://pul/subject/27834 650 0$aSocial history$y19th century.$2//eng$0(OLS)http://pul/subject/27835 651 0$aItaly$xCultural life.$2//eng$0(OLS)http://pul/subject/27836 700 1 $aRaponi, Nicola,$d1931-$0(OLS)http://pul/name/53504 830 0$aRicerche (Vita e Pensiero).$pStoria.$0(OLS)http://pul/title/174438 850 $aPUL 852 $aPUL$W1$xDP1 Cons. Gen., Altre Classi 1$y22$m389 C 5$j102507$nBK-PRI$b $qStampati$B102507$CPULBib$Z2$F102507 $HPUL95837 $81 941 1 $a8 983 0$aStoria.$pRicerche (Vita e pensiero) 983 0$aV & P. Storia. Ricerche. 996 $6020$a8834310527$9(OLS)http://pul/number/106001 996 $6245$aLe carte e gli uomini :$bstoria della cultura e delle istituzioni (secoli XVIII-XX) : studi in onore di Nicola Raponi$9(OLS)http://pul/title/105110 996 $6260$aMilano :$bVita e pensiero università$9(OLS)http://pul/publisher/73555